000 00514nam a22001812 4500
001 0000005481
005 20151217160104.0
008 070614s xx 000 0 eng d
040 _aKABU
_cKABU
050 0 _aPE1145.2
_b.S64
245 1 0 _aMcGraw-Hill spelling /
_cGillian E. Cook ... [et al.]
260 _aNew York :
_bMcGraw-Hill,
_c1998.
300 _avi, 233 p.
700 1 _aCook, Gillian E.
_@0000156768
908 _a070614
950 _@1
999 _c14051
_d14051